000 01529nam a22004217a 4500
001 000096731
003 CHAP
005 20220329143210.0
008 070116d2006 mx r 00110 spa d
010 _a93197
011 _a94169
035 _a104753
040 _cCHAP
090 _aTesis
100 1 _aGuzmán López, Claudia.
_951972
245 1 0 _aVariación estacional de la calidad del semen de conejo de las razas California, Nueva Zelanda y Chinchilla /
_c/por Claudia Guzmán López.
260 _aChapingo, Méx. :
_bEl autor,
_c2006.
300 _a60 h. : ilus.; gráfs.; cuadros.
502 _aTesis ( Ing. Agr. Esp. en Zootecnia) - - UACH. Departamento de Zootecnia
590 _aALEPH
_b10
_c20130110
_lUCH01
_h1516
590 _aBATCH-UPD
_b10
_c20130110
_lUCH01
_h0447
590 _aBATCH-UPD
_b10
_c20130410
_lUCH01
_h0123
590 _aBATCH-UPD
_b10
_c20130914
_lUCH01
_h1028
590 _aBATCH-UPD
_b10
_c20140324
_lUCH01
_h1500
590 _aBATCH-UPD
_b10
_c20141002
_lUCH01
_h0832
590 _aCONVERSION
_b10
_c20130109
_lUCH01
_h1352
590 _aE792CSJ
_b10
_c20130529
_lUCH01
_h1406
650 1 4 _aConejos
_xFecundidad.
_926366
650 1 4 _aConejos
_xRazas.
_926377
650 1 4 _aConejos
_xSemen.
_926379
856 _3Finding aid
_uhttp://10.13.5.2/tesis/104753.pdf
_zTeclea aquí
901 _aBK
905 _aElisama A. H.
942 _cCD
942 _n0
949 _aTesis
_bBC
_cTES
_d33724002005149
_eTS2
_fc.2
_h46221
_i104753
_sb
949 _aTesis
_bBC
_cTES
_d33724002007470
_eTS1
_h46220
_i104753
_sb
999 _c93197
_d93197